000 01370cam a22003374a 4500
001 11869183
005 20170105102920.0
008 991215s2000 ctub b 001 0 eng
010 _a 99068718
020 _a9781845117887
040 _aDLC
_cDLC
_dDLC
042 _apcc
043 _aa-af---
050 0 0 _aDS371.2
_b.R367 2000
082 0 0 _a958.104
_221
100 1 _aRashid, Ahmed.
245 1 0 _aTaliban :
_bmilitant Islam, oil, and fundamentalism in Central Asia /
_cAhmed Rashid.
260 _aNew Haven :
_bYale University Press,
_cc2000.
300 _axi, 276 p. :
_bmaps ;
_c23 cm.
504 _aIncludes bibliographical references (p. [245]-247) and index.
610 2 0 _aTaliban.
650 0 _aIslamic fundamentalism
_zAfghanistan.
650 0 _aIslam and state
_zAfghanistan.
650 0 _aIslam and politics
_zAfghanistan.
651 0 _aAfghanistan
_xPolitics and government
_y1973-
856 4 2 _3Contributor biographical information
_uhttp://www.loc.gov/catdir/enhancements/fy0629/99068718-b.html
856 4 2 _3Publisher description
_uhttp://www.loc.gov/catdir/enhancements/fy0629/99068718-d.html
906 _a7
_bcbc
_corignew
_d1
_eepcn
_f19
_gy-gencatlg
942 _2ddc
_cBK
999 _c15518
_d15518